000 00843nam a22001697a 4500
003 OSt
005 20251114100828.0
008 251114b |||||||| |||| 00| 0 eng d
040 _cDCL
082 _a၂၉၄.၃၈၂၃၅၂၁
130 _aတိပိဋက။
_pသုတ္တန္တပိဋက။
_pခုဒ္ဒကနိကာယ။
_tပေတဝတ္ထု ၊
_lပါဠိတော်၊
_sနိဿယ။
245 _aပေတဝတ္ထု ပါဠိတော်နိဿယ။
264 _aရန်ကုန် ၊
_bသာသနာရေးဦးစီး၊
_c၁၉၃၆။
300 _a၂၅၀-၄၄၀ စာမျက်နှာ ၊
_c၂၅ စင်တီ။
650 _aပေတဝတ္ထု
_vပါဠိတော် နိဿယ။
942 _2ddc
_cSHORT TERM
_n0
999 _c2470
_d2470